Statistiques concernant Pays de la mer de Chine méridionale

Cliquez ici pour prendre le quiz!

Statistiques générales

  • Ce quiz a été pris 4 967 fois
  • Le résultat moyen est 7 sur 8

Statistiques - réponses

Pays% Correct
Chine
94%
Viêt Nam
94%
Indonésie
91%
Taïwan
90%
Philippines
89%
Malaisie
88%
Singapour
82%
Brunei
77%

Distribution des résultats

Percentile par nombre de réponses

% des personnes avec chaque résultat

Votre développement - résultats

Vous n’avez pas pris ce quiz